| 000 | 00394 a2200169 4500 | ||
|---|---|---|---|
| 001 | 157113 | ||
| 020 | _a8529402480 | ||
| 040 | _cEscola São Tomás de Aquino | ||
| 100 | _aRICARDO, Sílvia | ||
| 240 | 1 | 0 |
_aAs diversas faces do terrorismo _lpor |
| 245 | 1 | 0 | _aAs diversas faces do terrorismo |
| 300 | _a113 p. | ||
| 362 | 0 | _a2009 | |
| 440 | 1 | _aHarbra | |
| 697 | _aHISTÓRIA | ||
| 942 | _cBK | ||
| 999 |
_c157113 _d157113 |
||